Normal view
MARC view
- Leach D.; Malvino A. & Saha G
Entry Corporate Name
001 - CONTROL NUMBER
- control field: 169412
003 - CONTROL NUMBER IDENTIFIER
- control field: OSt
005 - DATE AND TIME OF LATEST TRANSACTION
- control field: 20230313130352.0
008 - FIXED-LENGTH DATA ELEMENTS
- fixed length control field: 230313|| aca||aabn | a|a d
040 ## - CATALOGING SOURCE
- Original cataloging agency: OSt
- Transcribing agency: OSt
110 ## - HEADING--CORPORATE NAME
- Corporate name or jurisdiction name as entry element: Leach D.; Malvino A. & Saha G
670 ## - SOURCE DATA FOUND
- Source citation: Work cat.: (OSt)130098: Leach D. 169410, Digital Principles And Applications, 2009